Statistiken für Erfolgreichste Torschützen der Bundesliga seit 1990

Klicken Sie hier um das Quiz zu spielen!

Allgemein

  • Dieses Quiz wurde 1.183 mal gespielt
    (99 seit der letzten Aktualisierung)
  • Das Durchschnittsergebnis liegt bei 53 aus 99

Antwortstatistiken

PlatzSpielerNationalitätVereineAnzahl SpieleAnzahl Tore% Korrekt
1Robert LewandowskiPolenBorussia Dortmund
FC Bayern München
384312
100%
2Claudio PizzarroPeruSV Werder Bremen
FC Bayern München
1. FC Köln
490197
97%
5Marco ReusDeutschlandBorussia Mönchengladbach
Borussia Dortmund
382154
95%
4Mario GomezDeutschlandVfB Stuttgart
FC Bayern München
VfL Wolfsburg
328170
93%
6Thomas Müller
Deutschland
FC Bayern München462145
91%
11Miroslav KloseDeutschland1. FC Kaiserslautern
SV Werder Bremen
FC Bayern München
307121
89%
7Stefan KießlingDeutschland1. FC Nürnberg
Bayer 04 Leverkusen
403144
89%
18Arjen RobbenNiederlandeFC Bayern München20199
86%
53Edin DzekoBosnien-HerzegowinaVfL Wolfsburg11166
85%
32Franck RiberyFrankreichFC Bayern München27386
85%
17Timo WernerDeutschlandVfB Stuttgart
RB Leipzig
257102
84%
13Andrej KramaricKroatienTSG 1899 Hoffenheim243108
81%
8Giovane ElberBrasilienVfB Stuttgart
FC Bayern München
Borussia Mönchengladbach
260133
81%
19Pierre-Emerick AubameyangGabunBorussia Dortmund14498
81%
15AiltonBrasilienSV Werder Bremen
FC Schalke 04
Hamburger SV
MSV Duisburg
219106
80%
70GrafiteBrasilienVfL Wolfsburg10759
78%
48Lukas PodolskiDeutschland1. FC Köln
FC Bayern München
21070
78%
87Mario MandzukicKroatienVfL Wolfsburg
FC Bayern München
11053
78%
46Ivica OlicKroatienHertha BSC
Hamburger SV
FC Bayern München
VfL Wolfsburg
23872
77%
43Michael BallackDeutschland1. FC Kaiserslautern
Bayer 04 Leverkusen
FC Bayern München
26777
77%
76Aaron HuntDeutschlandSV Werder Bremen
VfL Wolfsburg
Hamburger SV
30456
76%
20Max KruseDeutschlandSV Werder Bremen
FC St. Pauli
SC Freiburg
Borussia Mönchengladbach
VfL Wolfsburg
1. FC Union Berlin
30797
76%
9Vedad IbisevicBosnien-HerzegowinaAlemannia Aachen
TSG 1899 Hoffenheim
VfB Stuttgart
Hertha BSC
FC Schalke 04
344127
74%
59Erling HaalandNorwegenBorussia Dortmund6762
73%
3Ulf KirstenDeutschlandBayer 04 Leverkusen350182
73%
35Klaas-Jan HuntelaarNiederlandeFC Schalke 0418484
72%
79Theofanis GekasGriechenlandVfL Bochum
Bayer 04 Leverkusen
Hertha BSC
Eintracht Frankfurt
13355
72%
41Roy MakaayNiederlandeFC Bayern München12978
68%
33Anthony ModesteFrankreich
TSG 1899 Hoffenheim
1. FC Köln
Borussia Dortmund
20985
66%
36RaffaelBrasilienHertha BSC
FC Schalke 04
Borussia Mönchengladbach
29082
66%
37Serge GnabryDeutschlandSV Werder Bremen
TSG 1899 Hoffenheim
FC Bayern München
21081
66%
49Dimitar BerbatovBulgarienBayer 04 Leverkusen15469
65%
63Jan KollerTschechienBorussia Dortmund
1. FC Nürnberg
15261
65%
25Alex MeierDeutschlandFC St. Pauli
Hamburger SV
Eintracht Frankfurt
27693
64%
29Nils PetersenDeutschlandFC Energie Cottbus
Bayern München
SV Werder Bremen
SC Freiburg
29589
64%
75Vincenzo GrifoItalien
TSG 1899 Hoffenheim
SC Freiburg
Borussia Mönchengladbach
22756
64%
52Halil AltintopTürkei1. FC Kaiserslautern
FC Schalke 04
Eintracht Frankfurt
FC Augsburg
35167
62%
45Ebbe SandDänemarkFC Schalke 0421473
61%
10Martin MaxDeutschlandBorussia Mönchengladbach
FC Schalke 04
TSV 1860 München
FC Hansa Rostock
385126
61%
73DiegoBrasilienSV Werder Bremen
VfL Wolfsburg
16157
59%
34Lars StindlDeutschlandKarlsruher SC
Hannover 96
Borussia Mönchengladbach
37685
58%
54Martin HarnikÖsterreichSV Werder Bremen
VfB Stuttgart
Hannover 96
24066
58%
78André SilvaPortugalEintracht Frankfurt
RB Leipzig
12155
57%
21Mehmet SchollDeutschlandKarlsruher SC
FC Bayern München
38997
57%
40Kevin VollandDeutschlandTSG 1899 Hoffenheim
Bayer 04 Leverkusen
Union Berlin
26379
55%
64Mario GötzeDeutschlandBorussia Dortmund
FC Bayern München
Eintracht Frankfurt
28361
55%
90Mladen PetricKroatienBorussia Dortmund
Hamburger SV
12851
55%
14Fredi BobicDeutschlandVfB Stuttgart
Borussia Dortmund
Hannover 96
Hertha BSC
285108
54%
58Julian BrandtDeutschlandBayer 04 Leverkusen
Borussia Dortmund
31264
53%
56Wout WeghorstNiederlande
VfL Wolfsburg
TSG Hoffenheim
13664
53%
85Adam SzalaiUngarnFSV Mainz 05
FC Schalke 04
TSG 1899 Hoffenheim
Hannover 96
27654
51%
12Kevin KuranyiDeutschlandVfB Stuttgart
FC Schalke 04
TSG 1899 Hoffenheim
275111
51%
42MarcelinhoBrasilienHertha BSC
VfL Wolfsburg
20577
51%
24Sergeij BarbarezBosnien-HerzegowinaFC Hansa Rostock
Borussia Dortmund
Hamburger SV
Bayer 04 Leverkusen
33096
51%
16Stephane ChapuisatSchweizBayer 05 Uerdingen
Borussia Dortmund
228106
51%
57Eric Maxim Choupo-MotingKamerunHamburger SV
1. FC Nürnberg
FSV Mainz 05
FC Schalke 04
FC Bayern München
28464
50%
23Anthony YeboahGhanaEintracht Frankfurt
Hamburger SV
22396
49%
28Toni PolsterÖsterreich1. FC Köln
Borussia Mönchengladbach
18190
49%
39Andreas MöllerDeutschlandEintracht Frankfurt
Borussia Dortmund
FC Schalke 04
31981
47%
84Michael GregoritschÖsterreichHamburger SV
FC Augsburg
FC Schalke 04
SC Freiburg
23854
47%
27Oliver NeuvilleDeutschlandFC Hansa Rostock
Bayer 04 Leverkusen
Borussia Mönchengladbach
33491
47%
92Andre SchürrleDeutschlandFSV Mainz 05
Bayer 04 Leverkusen
VfL Wolfsburg
Borussia Dortmund
20751
46%
30CacauDeutschland1. FC Nürnberg
VfB Stuttgart
30788
46%
97Ivan KlasnicKroatienSV Werder Bremen
FSV Mainz 05
15450
46%
80Niklas FüllkrugDeutschland
SV Werder Bremen
Hannover 96
Borussia Dortmund
14855
46%
99Gerald AsamoahDeutschlandFC Schalke 04
FC St. Pauli
Spvgg Greuther Fürth
32350
42%
86Krassimir BalakovBulgarienVfB Stuttgart23654
42%
31Michael PreetzDeutschlandFortuna Düsseldorf
MSV Duisburg
Hertha BSC
21986
42%
88Carsten JanckerDeutschland1. FC Köln
FC Bayern München
1. FC Kaiserslautern
17853
41%
96Daniel CaligiuriItalien
SC Freiburg
VfL Wolfsburg
FC Schalke 04
FC Augsburg
37251
39%
47Diego KlimowiczArgentinienVfL Wolfsburg
Borussia Dortmund
VfL Bochum
21370
39%
93Jonas HofmannDeutschland
Borussia Dortmund
FSV Mainz 05
Borussia Mönchengladbach
Bayer 04 Leverkusen
25451
38%
60Mario BaslerDeutschland1. FC Kaiserslautern
SV Werder Bremen
FC Bayern München
26162
36%
22Marco BodeDeutschlandSV Werder Bremen35997
35%
50Paulo SergioBrasilienBayer 04 Leverkusen
FC Bayern München
19868
35%
69Stefan EffenbergDeutschlandBorussia Mönchengladbach
FC Bayern München
VfL Wolfsburg
29760
35%
26Stefan KuntzDeutschlandVfL Bochum
Bayer 05 Uerdingen
1. FC Kaiserslautern
Arminia Bielefeld
22391
35%
81Alexander ZicklerDeutschlandDynamo Dresden
FC Bayern München
23255
34%
89Hasan SalihamidzicBosnien-HerzegowinaHamburger SV
FC Bayern München
VfL Wolfsburg
32153
34%
44Heiko HerrlichDeutschlandBayer 04 Leverkusen
Borussia Mönchengladbach
Borussia Dortmund
24274
34%
55Michael ZorcDeutschlandBorussia Dortmund22266
34%
71Andreas HerzogÖsterreichSV Werder Bremen
FC Bayern München
26459
32%
38Bruno LabbadiaDeutschlandHamburger SV
1. FC Kaiserslautern
FC Bayern München
1. FC Köln
SV Werder Bremen
Arminia Bielefeld
24281
30%
74Mike HankeDeutschlandFC Schalke 04
VfL Wolfsburg
Hannover 96
Borussia Mönchengladbach
SC Freiburg
28457
30%
68Olaf MarschallDeutschlandDynamo Dresden
1. FC Kaiserslautern
17660
28%
83Ioannis AmanatidisGriechenlandVfB Stuttgart
Eintracht Frankfurt
1. FC Kaiserslautern
19854
26%
95Thomas HäßlerDeutschland1. FC Köln
Karlsruher SC
Borussia Dortmund
TSV 1860 München
25151
26%
62Sean DundeeDeutschlandKarlsruher SC
VfB Stuttgart
16261
23%
65Fritz WalterDeutschlandSV Waldhof Mannheim
VfB Stuttgart
Arminia Bielefeld
12260
22%
94Bachirou SalouTogoBorussia Mönchengladbach
MSV Duisburg
Borussia Dortmund
Eintracht Frankfurt
FC Hansa Rostock
25451
20%
66Martin DahlinSchwedenBorussia Mönchengladbach
Hamburger SV
13360
20%
77Stefan BeinlichDeutschlandFC Hansa Rostock
Bayer 04 Leverkusen
Hertha BSC
Hamburger SV
28856
20%
82Thomas BrdaricDeutschland
VfB Stuttgart
Fortuna Düsseldorf
Bayer 04 Leverkusen
Hannover 96
VfL Wolfsburg
20454
20%
61Markus SchrothDeutschlandKarlsruher SC
TSV 1860 München
1. FC Nürnberg
30062
18%
72Andrzej JuskowiakPolenBorussia Mönchengladbach
VfL Wolfsburg
FC Energie Cottbus
18457
16%
67Jonathan AkpoborieNigeriaFC Hansa Rostock
VfB Stuttgart
VfL Wolfsburg
14460
15%
98Pavel KukaTschechien1. FC Kaiserslautern
1. FC Nürnberg
VfB Stuttgart
14450
14%
51Bernhard WinklerDeutschland
1. FC Kaiserslautern
SG Wattenscheid 09
TSV 1860 München
19067
11%
91Bernd HobschDeutschlandSV Werder Bremen
TSV 1860 München
1. FC Nürnberg
15051
9%

Verteilung der Resultate

Perzentil nach korrekt beantworteten Fragen

Anzahl Personen mit jedem Resultat

Ihre Resultats-Entwicklung

Sie haben dieses Quiz seit der letzten Aktualisierung nicht gespielt